ბათუმის შოთა რუსთაველის სახელმწიფო უნივერსიტეტის ბიბლიოთეკა

Случайные прцессы. Краткий курс. (ბიბ.ჩანაწერი № 35861)

000 -LEADER
fixed length control field 00578nam a2200217Ia 4500
001 - CONTROL NUMBER
control field 1752
003 - CONTROL NUMBER IDENTIFIER
control field GE_BSU
008 - FIXED-LENGTH DATA ELEMENTS--GENERAL INFORMATION
fixed length control field 181216s||||||||xx |||||||||||||| ||und||
040 ## - CATALOGING SOURCE
Transcribing agency GE_BSU
080 ## - UNIVERSAL DECIMAL CLASSIFICATION NUMBER
Universal Decimal Classification number 519.2(075.8)
100 ## - MAIN ENTRY--PERSONAL NAME
Personal name Розанов,Ю.А.
245 ## - TITLE STATEMENT
Title Случайные прцессы. Краткий курс.
245 ## - TITLE STATEMENT
Remainder of title Учебное пособие для вузов
260 ## - PUBLICATION, DISTRIBUTION, ETC.
Place of publication, distribution, etc. Москва
260 ## - PUBLICATION, DISTRIBUTION, ETC.
Name of publisher, distributor, etc. Наука
260 ## - PUBLICATION, DISTRIBUTION, ETC.
Date of publication, distribution, etc. 1971
300 ## - PHYSICAL DESCRIPTION
Extent 287стр. 21см.
653 ## - INDEX TERM--UNCONTROLLED
Uncontrolled term Случайные прцессы
942 ## - ADDED ENTRY ELEMENTS (KOHA)
Koha item type წიგნი
ეგზემპლარები
Withdrawn status Lost status Damaged status Not for loan Date acquired Barcode Date last seen Price effective from Koha item type Public note
        2018-12-17 3629 2018-12-17 2018-12-17 წიგნი დარბაზი